| 000 | 00806nam a22001937a 4500 | ||
|---|---|---|---|
| 005 | 20241014125019.0 | ||
| 010 | _aHIN-128600 | ||
| 020 |
_c225.00 _a9789390594832 |
||
| 035 | _aHN-100946 | ||
| 037 | _bDBAD | ||
| 082 | _a921 | ||
| 100 |
_aआर्य,नीरा _972784 |
||
| 245 |
_aमेरा जीवन संघर्ष/ _cनीरा आर्य |
||
| 260 |
_aनई दिल्ली _bएम्प्टी कैनवास पब्लिशर्स _c2022 |
||
| 270 |
_a4435-36/7, प्रथम तल अंसारी रोड , दरियागंज _bनई दिल्ली _e110034 _memptycanvaspublishers@gmail.com |
||
| 300 |
_a208पेज. _c22 सेमी (अजिल्द) |
||
| 700 | _968371 | ||
| 942 |
_2ddc _cHN _h921 _mआर्य |
||
| 999 |
_c206379 _d206379 |
||